000 nam a22 7a 4500
999 _c9397
_d9397
008 180129b ||||| |||| 00| 0 eng d
100 _aTyagi N
_95510
245 _aPain and Its Management
260 _aNew Delhi
_bNational Publication
_c2006